[Event "Paques"]
[Site "Montreal CAN"]
[Date "2006.04.14"]
[Round "1"]
[White "Schleifer, Michael"]
[Black "Hajiyev, Elshad"]
[Result "1-0"]
[WhiteElo "2306"]
[BlackElo "2106"]
[PlyCount "105"]
[EventDate "2006.04.14"]
[EventType "tourn"]
[EventRounds "5"]
[EventCountry "CAN"]

1. d4 Nf6 2. c4 d6 3. Nc3 g6 4. e4 Bg7 5. Bg5 h6 6. Bh4 g5 7. Bg3 Bg4 8. f3 Bh5
9. Bd3 Bg6 10. Nge2 c6 11. O-O Nh5 12. Bf2 Nf4 13. Nxf4 gxf4 14. Qd2 e5 15. d5
c5 16. a3 Nd7 17. b4 b6 18. Nb5 Bf8 19. Rab1 h5 20. Bc2 Be7 21. Kh1 h4 22. Ba4
Kf8 23. Nc3 Nf6 24. bxc5 bxc5 25. Bc6 Rc8 26. Rb7 Nh5 27. Rfb1 Qa5 28. Kg1 h3
29. Bd7 Rd8 30. Bxh3 Nf6 31. Be1 Qxa3 32. Nb5 Qa4 33. Qc1 a6 34. Na7 Qa2 35.
Nc6 Rxh3 36. gxh3 Qe2 37. Qd1 Qxc4 38. Nxe7 Bh5 39. Nc6 Nxe4 40. Qb3 Qe2 41.
fxe4 Bf3 42. Bf2 Qxe4 43. Qxf3 Qxf3 44. Nxd8 Qxh3 45. Rxf7+ Kg8 46. Rf6 Qg4+
47. Kf1 f3 48. Rc1 Qe4 49. Re6 Qf5 50. Nc6 Kh7 51. Rb1 Kg7 52. Rb7+ Kf8 53.
Rxd6 1-0

[Event "Paques"]
[Site "Montreal CAN"]
[Date "2006.04.15"]
[Round "2"]
[White "Robichaud, Louis"]
[Black "Schleifer, Michael"]
[Result "1/2-1/2"]
[WhiteElo "2056"]
[BlackElo "2306"]
[PlyCount "119"]
[EventDate "2006.04.14"]
[EventType "tourn"]
[EventRounds "5"]
[EventCountry "CAN"]

1. e4 c5 2. Nc3 Nc6 3. g3 g6 4. Bg2 Bg7 5. f4 d6 6. d3 e5 7. Nf3 Nge7 8. O-O
O-O 9. f5 gxf5 10. Nh4 fxe4 11. dxe4 Nd4 12. Nd5 Nxd5 13. exd5 f5 14. c3 Nb5
15. Qd3 c4 16. Qxc4 Qb6+ 17. Kh1 Bd7 18. Qe2 Rf7 19. a4 Nc7 20. Be3 Qa6 21.
Qxa6 bxa6 22. Rf2 e4 23. c4 Rb8 24. Bxa7 Rb4 25. Bf1 Bxb2 26. Rb1 Bc3 27. Rxb4
Bxb4 28. Bh3 Ne8 29. Bd4 Ng7 30. a5 Bc8 31. Bb6 Bc3 32. Ng2 Kf8 33. Nf4 Ke8 34.
Bf1 Ke7 35. Be2 Ne8 36. Bh5 Rf8 37. Bd1 Bd7 38. Kg2 Ng7 39. c5 Be5 40. c6 Bc8
41. Kf1 Ne8 42. Nh5 Nf6 43. Nxf6 Rxf6 44. Be3 Rf8 45. Bg5+ Bf6 46. Bh6 Rg8 47.
Rc2 Bg5 48. Bxg5+ Rxg5 49. Rd2 Kf6 50. Kf2 Ke5 51. Ke3 Rg7 52. Be2 Rf7 53. Bc4
f4+ 54. gxf4+ Rxf4 55. Rf2 Rxf2 56. Kxf2 Kd4 57. Bb3 Kc3 58. Bd1 Kd4 59. Bb3
Kc3 60. Bd1 1/2-1/2

[Event "Paques"]
[Site "Montreal CAN"]
[Date "2006.04.15"]
[Round "3"]
[White "Schleifer, Michael"]
[Black "Larochelle, Martial"]
[Result "1-0"]
[WhiteElo "2306"]
[BlackElo "2133"]
[PlyCount "71"]
[EventDate "2006.04.14"]
[EventType "tourn"]
[EventRounds "5"]
[EventCountry "CAN"]

1. c4 g6 2. g3 Bg7 3. Bg2 e5 4. e4 c5 5. Ne2 Ne7 6. a3 Nbc6 7. d3 d6 8. O-O O-O
9. Nbc3 a6 10. Be3 Rb8 11. a4 Nd4 12. Bxd4 cxd4 13. Nb1 Be6 14. Na3 Qd7 15. b4
f5 16. f3 Bh6 17. a5 Rf7 18. Qb3 Rbf8 19. Kh1 Nc6 20. Nc2 Kh8 21. Ng1 Be3 22.
Nxe3 dxe3 23. Ne2 f4 24. gxf4 Rxf4 25. Qb2 Bh3 26. Nxf4 Rxf4 27. Rae1 Bxg2+ 28.
Qxg2 Nxb4 29. Rxe3 Nc6 30. Qg5 Nxa5 31. d4 Nxc4 32. Rc3 Qf7 33. dxe5 dxe5 34.
Rd1 b5 35. Rcd3 Rxf3 36. Qd8+ 1-0

[Event "Paques"]
[Site "Montreal CAN"]
[Date "2006.04.16"]
[Round "4"]
[White "Bolduc, Steve"]
[Black "Schleifer, Michael"]
[Result "1/2-1/2"]
[WhiteElo "2274"]
[BlackElo "2306"]
[PlyCount "85"]
[EventDate "2006.04.14"]
[EventType "tourn"]
[EventRounds "5"]
[EventCountry "CAN"]

1. d4 Nf6 2. Nf3 g6 3. c4 Bg7 4. Nc3 O-O 5. e4 d6 6. Be2 Bg4 7. Be3 c6 8. Qc2
Nbd7 9. Rd1 Qc7 10. O-O e5 11. h3 Bxf3 12. Bxf3 a6 13. b4 b5 14. Qb3 Rab8 15.
a4 bxa4 16. Qxa4 Nb6 17. Qa2 exd4 18. Bxd4 c5 19. bxc5 dxc5 20. Be3 Nfd7 21.
Nd5 Nxd5 22. Rxd5 Ne5 23. Rxc5 Nxf3+ 24. gxf3 Qd7 25. Kg2 f5 26. Qd2 Qe7 27.
Qd5+ Kh8 28. Bd4 Qg5+ 29. Kh1 Qh5 30. Bxg7+ Kxg7 31. Qe5+ Kg8 32. Kh2 Rb3 33.
Rc7 Qh6 34. exf5 Rxf5 35. Qe6+ Kh8 36. Rc8+ Rf8 37. Qf6+ Kg8 38. Rd1 Rxf3 39.
Qxf3 Rxc8 40. Qd5+ Kh8 41. Qe5+ Qg7 42. Qe6 Rf8 43. Rd2 1/2-1/2

[Event "Mauricie op"]
[Site "Trois-Rivieres CAN"]
[Date "2006.03.17"]
[Round "1"]
[White "Larochelle, Martial"]
[Black "Schleifer, Michael"]
[Result "1/2-1/2"]
[WhiteElo "2130"]
[BlackElo "2322"]
[PlyCount "94"]
[EventDate "2006.03.17"]
[EventType "swiss"]
[EventRounds "5"]
[EventCountry "CAN"]

1. Nf3 e6 2. c4 b6 3. g3 Bb7 4. Bg2 c5 5. O-O Nf6 6. Nc3 Be7 7. Re1 d5 8. cxd5
Nxd5 9. e4 Nb4 10. d4 cxd4 11. Nxd4 O-O 12. Be3 N8c6 13. a3 Nxd4 14. axb4 Nc6
15. b5 Ne5 16. Ra4 Bc5 17. Qxd8 Rfxd8 18. Bxc5 bxc5 19. Rea1 c4 20. Rxa7 Rab8
21. R1a4 Rdc8 22. Ra1 Nd3 23. Rb1 g5 24. f3 Kf8 25. Rd1 Ke8 26. Rd2 Rc5 27. Bf1
Ne5 28. Be2 f5 29. Rd6 fxe4 30. Rxe6+ Kd7 31. Rh6 exf3 32. Rxh7+ Ke6 33. Raxb7
fxe2 34. Nxe2 Rd8 35. Rhc7 Rxc7 36. Rxc7 Rd2 37. Kf2 Rxb2 38. h3 Kd6 39. Rc8
Kd7 40. Rg8 Rxb5 41. Ke3 Nc6 42. Rg7+ Ke8 43. h4 gxh4 44. gxh4 Re5+ 45. Kd2 Re4
46. h5 Rh4 47. Kc3 Rxh5 1/2-1/2

[Event "Mauricie op"]
[Site "Trois-Rivieres CAN"]
[Date "2006.03.18"]
[Round "2"]
[White "Schleifer, Michael"]
[Black "Luksza, Arkadiusz"]
[Result "1-0"]
[WhiteElo "2322"]
[BlackElo "2213"]
[PlyCount "72"]
[EventDate "2006.03.17"]
[EventType "swiss"]
[EventRounds "5"]
[EventCountry "CAN"]

1. c4 Nf6 2. Nc3 g6 3. e4 d6 4. d4 Bg7 5. f3 O-O 6. Be3 e5 7. d5 Nh5 8. Qd2 f5
9. O-O-O f4 10. Bf2 Nd7 11. Kb1 a6 12. Nge2 Rb8 13. Nc1 Rf7 14. Nd3 Qf8 15. Rc1
b6 16. Be2 Nc5 17. Nb4 Bd7 18. Nc2 b5 19. cxb5 axb5 20. b4 Na6 21. a4 Rb7 22.
axb5 Nb8 23. Na1 Be8 24. Nb3 Nd7 25. Na5 Rb8 26. Nc6 Rb7 27. Nd8 Rb8 28. Nxf7
Qxf7 29. Kb2 Nb6 30. Ra1 g5 31. Ra7 Nf6 32. Rc1 Nc8 33. Ra5 Nd7 34. Na4 Rb7 35.
Ra8 Ncb6 36. Nxb6 Nxb6 1-0

[Event "Mauricie op"]
[Site "Trois-Rivieres CAN"]
[Date "2006.03.19"]
[Round "4"]
[White "Schleifer, Michael"]
[Black "Zafirov, Stephane"]
[Result "0-1"]
[WhiteElo "2320"]
[BlackElo "2112"]
[PlyCount "63"]
[EventDate "2006.03.17"]
[EventType "swiss"]
[EventRounds "5"]
[EventCountry "CAN"]

1. e4 e5 2. Nc3 Nf6 3. f4 d5 4. fxe5 Nxe4 5. Nf3 Bc5 6. d4 Bb4 7. Bd2 Bxc3 8.
Bxc3 Nc6 9. Bb5 Nxc3 10. bxc3 O-O 11. O-O Be6 12. Bxc6 bxc6 13. Ne1 Qg5 14. Nd3
Bf5 15. Nc5 f6 16. Re1 Rae8 17. Qc1 Qg6 18. e6 Be4 19. Re2 f5 20. Nd7 Qxe6 21.
Nxf8 Rxf8 22. Qf4 c5 23. Qxc7 cxd4 24. cxd4 Qa6 25. Rf2 h6 26. a4 Rc8 27. Qd7
Rc4 28. Rd2 Qa5 29. Rf2 Rxd4 30. Qb5 Qc3 31. Qf1 a5 32. h3 0-1

[Event "Carnaval"]
[Site "Quebec CAN"]
[Date "2006.02.17"]
[Round "1"]
[White "Lemire-Paquin, Alexandre"]
[Black "Schleifer, Michael"]
[Result "0-1"]
[WhiteElo "2017"]
[BlackElo "2363"]
[PlyCount "58"]
[EventDate "2006.02.17"]
[EventType "swiss"]
[EventRounds "5"]
[EventCountry "CAN"]

1. d4 Nf6 2. c4 e6 3. Nf3 b6 4. a3 Bb7 5. Nc3 d5 6. Bg5 Be7 7. Qa4+ Bc6 8. Qb3
O-O 9. e3 Nbd7 10. Rc1 Bb7 11. cxd5 Nxd5 12. Bxe7 Qxe7 13. Nxd5 Bxd5 14. Qc2 c5
15. Bd3 Bxf3 16. gxf3 cxd4 17. Bxh7+ Kh8 18. Be4 Rad8 19. exd4 f5 20. Bd3 Qh4
21. Qa4 Nc5 22. Qc2 Rxd4 23. Be2 Rfd8 24. O-O Rd2 25. Qc4 Qxc4 26. Bxc4 Rxb2
27. Rfe1 Rdd2 28. Bxe6 g6 29. Rf1 Nxe6 0-1

[Event "Carnaval"]
[Site "Quebec CAN"]
[Date "2006.02.18"]
[Round "2"]
[White "Schleifer, Michael"]
[Black "Tessier, Olivier"]
[Result "1/2-1/2"]
[WhiteElo "2363"]
[BlackElo "2133"]
[PlyCount "46"]
[EventDate "2006.02.17"]
[EventType "swiss"]
[EventRounds "5"]
[EventCountry "CAN"]

1. c4 c5 2. Nc3 Nf6 3. e4 Nc6 4. g3 g6 5. Bg2 Bg7 6. Nge2 d6 7. O-O O-O 8. d3
Rb8 9. h3 a6 10. f4 Bd7 11. a4 Ne8 12. Be3 Nd4 13. Bf2 b5 14. cxb5 axb5 15.
Nxd4 Bxd4 16. Bxd4 cxd4 17. Nxb5 Bxb5 18. axb5 Rxb5 19. Qd2 Qb6 20. Rf2 Nf6 21.
g4 Rb8 22. Ra2 Nd7 23. Bf1 Rb3 1/2-1/2

[Event "Carnaval"]
[Site "Quebec CAN"]
[Date "2006.02.18"]
[Round "3"]
[White "Caire, Francois"]
[Black "Schleifer, Michael"]
[Result "1-0"]
[WhiteElo "2186"]
[BlackElo "2363"]
[PlyCount "71"]
[EventDate "2006.02.17"]
[EventType "swiss"]
[EventRounds "5"]
[EventCountry "CAN"]

1. d4 Nf6 2. c4 e6 3. Nf3 c5 4. d5 exd5 5. cxd5 d6 6. Nc3 g6 7. e4 Bg7 8. Be2
O-O 9. O-O Re8 10. Nd2 Na6 11. f3 Nc7 12. a4 Nd7 13. Nc4 Ne5 14. Ne3 Rb8 15.
Kh1 b6 16. Qc2 a6 17. f4 Nd7 18. Nc4 Nf6 19. Bf3 b5 20. axb5 Nxb5 21. e5 dxe5
22. fxe5 Nd7 23. Nxb5 axb5 24. Nd6 Rxe5 25. Bf4 Re7 26. Bg4 f5 27. Bxf5 gxf5
28. Nxf5 Be5 29. Rae1 Re8 30. Nh6+ Kg7 31. Bxe5+ Nxe5 32. Rxe5 Rxe5 33. Rf7+
Kxh6 34. Qxh7+ Kg5 35. Qg7+ Kh4 36. Qxe5 1-0

[Event "Carnaval"]
[Site "Quebec CAN"]
[Date "2006.02.19"]
[Round "4"]
[White "Schleifer, Michael"]
[Black "Caron, Sebastien"]
[Result "1-0"]
[WhiteElo "2363"]
[BlackElo "1845"]
[PlyCount "86"]
[EventDate "2006.02.17"]
[EventType "swiss"]
[EventRounds "5"]
[EventCountry "CAN"]

1. d4 Nf6 2. c4 c5 3. d5 b5 4. cxb5 a6 5. b6 Qxb6 6. Nc3 d6 7. e4 g6 8. Be2 Bg7
9. Nf3 O-O 10. Nd2 Nbd7 11. a4 Rb8 12. a5 Qa7 13. O-O Ne5 14. h3 Rb4 15. Kh2
Qc7 16. f4 Ned7 17. Nc4 Ne8 18. Kh1 Bd4 19. Bd3 Qd8 20. Bd2 Rb8 21. Qe2 Nc7 22.
Rab1 Nb5 23. Na4 Bg7 24. Nab6 Nxb6 25. Nxb6 Bd7 26. Nxd7 Qxd7 27. Bc4 Qc7 28.
Rfc1 Rfc8 29. Qd3 Qd7 30. Re1 Qc7 31. Qg3 Rb7 32. e5 Rcb8 33. Rbc1 Qd8 34. Qd3
Kh8 35. Rcd1 Qc7 36. Re4 dxe5 37. fxe5 Bxe5 38. Bxb5 Rxb5 39. Rxe5 f6 40. Re6
Rxb2 41. d6 Qc6 42. Qf1 R8b3 43. Bc1 Rxg2 1-0

[Event "Dimanche 2006.01.08"]
[Site "Montreal CAN"]
[Date "2006.01.29"]
[Round "4"]
[White "Schleifer, Michael"]
[Black "Bolduc, Steve"]
[Result "1/2-1/2"]
[WhiteElo "2366"]
[BlackElo "2290"]
[PlyCount "77"]
[EventDate "2006.01.08"]
[EventType "swiss"]
[EventRounds "4"]
[EventCountry "CAN"]

1. c4 e6 2. Nf3 Nf6 3. g3 b6 4. Bg2 Bb7 5. O-O Be7 6. Nc3 O-O 7. Re1 d5 8. cxd5
exd5 9. d4 Nbd7 10. Bf4 Ne4 11. Qb3 Ndf6 12. Red1 c6 13. Ne5 Bd6 14. Rac1 g5
15. Be3 Nxc3 16. Qxc3 Bxe5 17. dxe5 Ng4 18. Bd4 c5 19. Qf3 Qd7 20. h3 cxd4 21.
hxg4 Rac8 22. Rxc8 Rxc8 23. Rxd4 Rc2 24. Qe3 h6 25. Qd3 Rxb2 26. Bxd5 Bxd5 27.
Rxd5 Qxg4 28. e6 Rxe2 29. Rd8+ Kg7 30. exf7 Kxf7 31. Qh7+ Kf6 32. Qxh6+ Kf5 33.
Qf8+ Kg6 34. Qg8+ Kf6 35. Qh8+ Kg6 36. Rd4 Qe6 37. Qf8 Re1+ 38. Kh2 Qe2 39. Rd7
1/2-1/2

[Event "Pere Noel"]
[Site "Montreal CAN"]
[Date "2005.12.26"]
[Round "1"]
[White "Gottlieb, Jonathan"]
[Black "Schleifer, Michael"]
[Result "0-1"]
[WhiteElo "2094"]
[BlackElo "2358"]
[PlyCount "68"]
[EventDate "2005.12.26"]
[EventType "swiss"]
[EventRounds "5"]
[EventCountry "CAN"]

1. e4 c5 2. Nf3 e6 3. d4 cxd4 4. Nxd4 Nf6 5. Bd3 Nc6 6. Nxc6 bxc6 7. c4 d5 8.
cxd5 cxd5 9. Nc3 dxe4 10. Bb5+ Bd7 11. Bxd7+ Qxd7 12. Qxd7+ Kxd7 13. Bg5 Nd5
14. O-O-O Kc6 15. Nxd5 exd5 16. Rd2 Bc5 17. Rc2 Kb6 18. Rd1 Rac8 19. Rxd5 Bxf2
20. Rd6+ Kb5 21. Rd5+ Ka6 22. Re5 Rxc2+ 23. Kxc2 Rc8+ 24. Kd2 Rc5 25. Rxc5 Bxc5
26. Kc3 Kb5 27. b3 Bg1 28. h3 Kc5 29. Bf4 Kd5 30. g4 f6 31. Bg3 g6 32. Bf4 f5
33. a3 Bc5 34. b4 Bd6 0-1

[Event "Pere Noel"]
[Site "Montreal CAN"]
[Date "2005.12.27"]
[Round "2"]
[White "Schleifer, Michael"]
[Black "Gagnon, Michel"]
[Result "1-0"]
[WhiteElo "2358"]
[BlackElo "2114"]
[PlyCount "119"]
[EventDate "2005.12.26"]
[EventType "swiss"]
[EventRounds "5"]
[EventCountry "CAN"]

1. d4 Nf6 2. c4 g6 3. Nc3 Bg7 4. e4 O-O 5. Be3 d6 6. f3 c6 7. Qd2 Nbd7 8. Bd3
Re8 9. Nge2 a6 10. O-O e5 11. d5 c5 12. a3 Nf8 13. b4 b6 14. Rab1 Qc7 15. Qb2
N8d7 16. Na4 h6 17. Rfc1 Nh5 18. Qd2 g5 19. Ng3 Ndf6 20. bxc5 bxc5 21. Nb6 Rb8
22. Nxc8 Rexc8 23. Nf5 Nf4 24. Bf1 Bf8 25. g3 Ng6 26. h4 Nh7 27. hxg5 hxg5 28.
Bxg5 Nxg5 29. Qxg5 Qd8 30. Qd2 Rxb1 31. Rxb1 Rb8 32. Rb2 Rxb2 33. Qxb2 Qg5 34.
Kf2 Qd8 35. Be2 Ne7 36. Nxe7+ Bxe7 37. Qb7 a5 38. Bf1 Bg5 39. Bh3 Bd2 40. Qb3
Bh6 41. Bf1 Kg7 42. Qc3 Bg5 43. Bd3 Qh8 44. Kg2 Qh6 45. Qxa5 Bd2 46. Qa4 Qe3
47. Qc2 Qe1 48. Bf1 Kh6 49. Qd3 Kg5 50. Qe2 Qc1 51. a4 Qc3 52. Kh3 f6 53. Kh2
Be1 54. Bh3 Kh6 55. Be6 Kg7 56. Kh3 Kh6 57. Kg4 Qd2 58. Qxd2+ Bxd2 59. Kf5 Kg7
60. Bg8 1-0

[Event "Pere Noel"]
[Site "Montreal CAN"]
[Date "2005.12.28"]
[Round "3"]
[White "Schleifer, Michael"]
[Black "Dimev, Kiril"]
[Result "1-0"]
[WhiteElo "2358"]
[BlackElo "2021"]
[PlyCount "117"]
[EventDate "2005.12.26"]
[EventType "swiss"]
[EventRounds "5"]
[EventCountry "CAN"]

1. c4 e5 2. Nc3 Nf6 3. g3 Bb4 4. Bg2 O-O 5. Nf3 Nc6 6. O-O e4 7. Ng5 Bxc3 8.
bxc3 Re8 9. f3 e3 10. d3 Qe7 11. Ne4 b6 12. Bxe3 Bb7 13. Bg5 h6 14. Bxf6 gxf6
15. Bh3 Kg7 16. Qd2 Ne5 17. Qf4 d6 18. Bf5 Ng6 19. Qg4 Rh8 20. Qh5 b5 21. cxb5
d5 22. Nf2 Qe3 23. Qg4 h5 24. Qd4 Rhe8 25. Qxe3 Rxe3 26. Rfe1 Rae8 27. Kf1 R8e7
28. Bh3 h4 29. Rab1 hxg3 30. hxg3 R3e5 31. Bg4 f5 32. f4 Re3 33. Bf3 c5 34.
bxc6 Bxc6 35. c4 Rd7 36. Rb4 Ne7 37. cxd5 Nxd5 38. Rc4 Re6 39. e4 Nb6 40. Rc5
fxe4 41. Bg4 Red6 42. Bxd7 Nxd7 43. Rg5+ Kf8 44. dxe4 f6 45. Ra5 a6 46. a4 Nb6
47. Rxa6 Nxa4 48. Kg1 Nc5 49. Rb6 Nd7 50. Ra6 Nc5 51. Ra7 Re6 52. Rc1 Nb3 53.
Rb1 Nd4 54. Rb8+ Be8 55. f5 Re5 56. Rc7 Nb5 57. Rh7 Kg8 58. Ng4 Kxh7 59. Nxe5
1-0

[Event "Pere Noel"]
[Site "Montreal CAN"]
[Date "2005.12.29"]
[Round "4"]
[White "Gilman, Arkadiy"]
[Black "Schleifer, Michael"]
[Result "0-1"]
[WhiteElo "2089"]
[BlackElo "2358"]
[PlyCount "74"]
[EventDate "2005.12.26"]
[EventType "swiss"]
[EventRounds "5"]
[EventCountry "CAN"]

1. d4 Nc6 2. Nf3 d6 3. Bf4 Nf6 4. Nc3 g6 5. e4 Bg7 6. d5 Nb8 7. h3 O-O 8. Bc4
c6 9. a4 Qb6 10. Ra3 Na6 11. Bc1 Nc5 12. Qe2 a5 13. O-O cxd5 14. exd5 Bd7 15.
Rd1 Rac8 16. Bb5 Rfe8 17. Be3 Qc7 18. Bxd7 Qxd7 19. Nd4 Na6 20. Qb5 Qc7 21.
Nce2 Nb4 22. Rc3 Qd7 23. Qxa5 Nbxd5 24. Rxc8 Rxc8 25. Bg5 h6 26. Bxf6 Nxf6 27.
c3 Ne4 28. Nb5 Qe6 29. Qb6 Qb3 30. Re1 Nc5 31. Ned4 Qxb2 32. Rxe7 Bxd4 33. cxd4
Qc1+ 34. Kh2 Qf4+ 35. Kg1 Nxa4 36. Qa5 Rc1+ 37. Re1 Nc3 0-1

[Event "Benefice Myriam Roy"]
[Site "Varennes CAN"]
[Date "2005.12.02"]
[Round "1"]
[White "Schleifer, Michael"]
[Black "Forget, Luc"]
[Result "1-0"]
[WhiteElo "2353"]
[BlackElo "1918"]
[PlyCount "101"]
[EventDate "2005.12.02"]
[EventType "swiss"]
[EventRounds "5"]
[EventCountry "CAN"]

1. e4 e5 2. Bc4 Nf6 3. d3 Nc6 4. Bg5 Be7 5. Ne2 h6 6. Bxf6 Bxf6 7. a3 d6 8.
Nbc3 Be6 9. Ng3 Qd7 10. Nd5 Bxd5 11. Bxd5 g6 12. c3 Ne7 13. Ba2 c6 14. O-O d5
15. f4 exf4 16. Rxf4 Be5 17. Rf3 O-O 18. Qe2 Rae8 19. Raf1 f5 20. Qf2 Bb8 21.
Ne2 Kh7 22. g3 b6 23. Bb1 c5 24. exf5 Rxf5 25. d4 Rxf3 26. Qxf3 Nf5 27. dxc5
bxc5 28. Rd1 Qe6 29. Nf4 Qe3+ 30. Qxe3 Rxe3 31. Nxd5 Re2 32. Bxf5 gxf5 33. b4
cxb4 34. axb4 h5 35. Rf1 Kg6 36. Rf2 Re4 37. Kg2 h4 38. Kf3 hxg3 39. hxg3 Re1
40. Rd2 Rg1 41. Nf4+ Bxf4 42. gxf4 Rf1+ 43. Ke3 Re1+ 44. Re2 Rc1 45. Kd4 Kf6
46. Ra2 Rd1+ 47. Kc5 Rd7 48. Ra6+ Kf7 49. c4 Kg7 50. b5 Kh7 51. Rd6 1-0

[Event "Benefice Myriam Roy"]
[Site "Varennes CAN"]
[Date "2005.12.03"]
[Round "2"]
[White "Ye, Ling Feng"]
[Black "Schleifer, Michael"]
[Result "0-1"]
[WhiteElo "2090"]
[BlackElo "2353"]
[PlyCount "72"]
[EventDate "2005.12.02"]
[EventType "swiss"]
[EventRounds "5"]
[EventCountry "CAN"]

1. e4 e6 2. d4 c5 3. Nf3 a6 4. Bd3 cxd4 5. Nxd4 Bc5 6. Nb3 Be7 7. O-O Nc6 8.
Be3 Nf6 9. f4 d6 10. a4 b6 11. Nc3 Bb7 12. Qe1 O-O 13. Qg3 Nd7 14. Qh3 Nb4 15.
Rad1 e5 16. Nd5 Bxd5 17. exd5 Nxd3 18. Rxd3 Rc8 19. c3 Bf6 20. Nd2 exf4 21.
Bxf4 Ne5 22. Rg3 Ng6 23. Be3 Be5 24. Rgf3 Rb8 25. Nc4 b5 26. Nxe5 Nxe5 27. Rg3
bxa4 28. Qh5 g6 29. Qh6 Qe7 30. h4 f6 31. h5 Rxb2 32. Bf4 Nf7 33. Rxg6+ hxg6
34. Qxg6+ Kh8 35. Bxd6 Nxd6 36. Qh6+ Kg8 0-1

[Event "Benefice Myriam Roy"]
[Site "Varennes CAN"]
[Date "2005.12.03"]
[Round "3"]
[White "Schleifer, Michael"]
[Black "Lawson, Eric"]
[Result "1/2-1/2"]
[WhiteElo "2353"]
[BlackElo "2411"]
[PlyCount "88"]
[EventDate "2005.12.02"]
[EventType "swiss"]
[EventRounds "5"]
[EventCountry "CAN"]

1. c4 e5 2. Nc3 Nc6 3. g3 g6 4. e4 d6 5. Bg2 Bg7 6. Nge2 f5 7. d3 Nge7 8. O-O
O-O 9. Nd5 h6 10. f4 Be6 11. Be3 Nd4 12. fxe5 dxe5 13. Bxd4 exd4 14. Nef4 Bf7
15. Nxe7+ Qxe7 16. exf5 gxf5 17. Re1 Qb4 18. Qb3 Qc5 19. Qb5 Qxb5 20. cxb5 c6
21. bxc6 bxc6 22. Bxc6 Rab8 23. Re2 Rfd8 24. b3 Rbc8 25. Bg2 a5 26. Bh3 Rc5 27.
Rf1 Rdc8 28. Ng2 Rc2 29. Rfe1 Bh5 30. Rxc2 Rxc2 31. Nf4 Bf7 32. Re2 Rc5 33. Bg2
Be5 34. Bf3 Kg7 35. Kf2 Kf6 36. Rd2 Bd6 37. Ne2 Rc7 38. Nf4 Rc1 39. Nd5+ Bxd5
40. Bxd5 Bb4 41. Re2 Rd1 42. Bc4 Rd2 43. Rxd2 Bxd2 44. a3 Bc1 1/2-1/2

[Event "Quebec-ch classe 2000+"]
[Site "Montreal CAN"]
[Date "2005.10.08"]
[Round "1"]
[White "Schleifer, Michael"]
[Black "Ye, Ling Feng"]
[Result "1-0"]
[WhiteElo "2345"]
[BlackElo "2042"]
[PlyCount "115"]
[EventDate "2005.10.10"]
[EventType "swiss"]
[EventRounds "5"]
[EventCountry "CAN"]

1. c4 Nf6 2. Nc3 g6 3. d4 d5 4. Nf3 Bg7 5. Bg5 c6 6. e3 Nbd7 7. Be2 O-O 8. O-O
dxc4 9. Bxc4 Nb6 10. Bb3 Bf5 11. Qe2 Rc8 12. e4 Bg4 13. Rfd1 h6 14. Be3 Qc7 15.
h3 Bxf3 16. Qxf3 Kh7 17. Rac1 Qd8 18. a3 e6 19. Ba2 Qe7 20. b4 Rfd8 21. e5 Ne8
22. Ne4 Nd5 23. Bd2 f5 24. exf6 Nexf6 25. Nc5 b6 26. Nb3 Rf8 27. Bb1 Ne8 28.
Qg4 Qf6 29. Qg3 Bh8 30. b5 Ng7 31. bxc6 Nh5 32. Qg4 Nhf4 33. Bxf4 Nxf4 34. Rd2
h5 35. Qg3 Bg7 36. Be4 Bh6 37. Rf1 Nd5 38. Rc2 Ne3 39. fxe3 Qxf1+ 40. Kh2 Qf6
41. h4 Qg7 42. Kg1 Rf6 43. Nd2 Qc7 44. Qe1 b5 45. Nf3 a5 46. Ne5 b4 47. axb4
axb4 48. Qg3 Rg8 49. Rb2 Qa5 50. Kh2 Qa3 51. Nd3 b3 52. c7 Qe7 53. Rxb3 Rc8 54.
Rc3 Bxe3 55. Qxe3 Rxc7 56. Rxc7 Qxc7+ 57. Ne5 Qg7 58. Qg5 1-0

[Event "Quebec-ch classe 2000+"]
[Site "Montreal CAN"]
[Date "2005.10.08"]
[Round "2"]
[White "Benoit-Deschamps, Jean-Marc"]
[Black "Schleifer, Michael"]
[Result "1/2-1/2"]
[WhiteElo "1913"]
[BlackElo "2345"]
[PlyCount "63"]
[EventDate "2005.10.10"]
[EventType "swiss"]
[EventRounds "5"]
[EventCountry "CAN"]

1. d4 Nf6 2. c4 e6 3. Nc3 Bb4 4. e3 c5 5. Nge2 b6 6. a3 Ba5 7. Rb1 Qe7 8. f3
Ba6 9. d5 exd5 10. cxd5 Bxc3+ 11. Nxc3 Bxf1 12. Kxf1 d6 13. Kf2 O-O 14. b3 Nbd7
15. Bb2 a6 16. Ne2 Ne5 17. Ng3 b5 18. Nf5 Qd7 19. g4 Rfe8 20. h3 c4 21. Bxe5
Rxe5 22. bxc4 bxc4 23. e4 g6 24. Qd2 Qa7+ 25. Kg2 Nxd5 26. Nh6+ Kg7 27. exd5
Rae8 28. Nf5+ gxf5 29. Qg5+ Kf8 30. Qh6+ Kg8 31. Qg5+ Kf8 32. Qh6+ 1/2-1/2

[Event "Quebec-ch classe 2000+"]
[Site "Montreal CAN"]
[Date "2005.10.09"]
[Round "3"]
[White "Schleifer, Michael"]
[Black "Larochelle, Martial"]
[Result "1-0"]
[WhiteElo "2345"]
[BlackElo "2127"]
[PlyCount "61"]
[EventDate "2005.10.10"]
[EventType "swiss"]
[EventRounds "5"]
[EventCountry "CAN"]

1. d4 Nf6 2. c4 g6 3. Nc3 d5 4. Nf3 Bg7 5. Bg5 Ne4 6. Bh4 Nxc3 7. bxc3 c5 8. e3
cxd4 9. cxd4 Nc6 10. Bd3 O-O 11. O-O b6 12. Rc1 Bb7 13. c5 Qd7 14. Bg3 f6 15.
Bb5 Qe6 16. e4 Na5 17. Qa4 Rac8 18. Bd7 Qxe4 19. Bxc8 Bxc8 20. Rfe1 Qd3 21. Re3
Qa6 22. Rxe7 Bg4 23. Bd6 Bxf3 24. Rxg7+ Kxg7 25. Bxf8+ Kxf8 26. gxf3 Qc8 27.
Re1 Qf5 28. Qe8+ Kg7 29. c6 Qxf3 30. Qd7+ Kh6 31. c7 1-0

[Event "Quebec-ch classe 2000+"]
[Site "Montreal CAN"]
[Date "2005.10.09"]
[Round "4"]
[White "Bolduc, Steve"]
[Black "Schleifer, Michael"]
[Result "1/2-1/2"]
[WhiteElo "2311"]
[BlackElo "2345"]
[PlyCount "61"]
[EventDate "2005.10.10"]
[EventType "swiss"]
[EventRounds "5"]
[EventCountry "CAN"]

1. d4 Nf6 2. c4 g6 3. Nc3 Bg7 4. e4 d6 5. Nf3 O-O 6. Be2 Nc6 7. O-O Bg4 8. Be3
Re8 9. Re1 Bxf3 10. Bxf3 e5 11. d5 Ne7 12. b4 Nd7 13. Be2 f5 14. f3 Kh8 15. c5
Ng8 16. Qd2 Ndf6 17. Rac1 a6 18. Bd3 fxe4 19. Bxe4 Ne7 20. cxd6 cxd6 21. Na4
Nd7 22. Qf2 Nf5 23. Nb6 Rb8 24. Nxd7 Qxd7 25. Bd2 Nd4 26. Rc4 Rbc8 27. Rec1 Bf6
28. Be3 Kg7 29. g3 b5 30. R4c3 Rxc3 31. Rxc3 1/2-1/2

[Event "Pere Noel"]
[Site "Montreal CAN"]
[Date "2003.12.26"]
[Round "1"]
[White "Champetier, Serge"]
[Black "Schleifer, Michael"]
[Result "0-1"]
[WhiteElo "1996"]
[BlackElo "2313"]
[PlyCount "90"]
[EventDate "2003.12.26"]
[EventType "swiss"]
[EventRounds "5"]
[EventCountry "CAN"]

1. d4 Nf6 2. Bg5 e6 3. e4 h6 4. Bxf6 Qxf6 5. Nf3 g6 6. Nc3 d6 7. g3 Bg7 8. Bg2
Qe7 9. O-O O-O 10. Qd2 Nc6 11. Rad1 a6 12. d5 Nb8 13. dxe6 Bxe6 14. Nd5 Qd8 15.
Qb4 Bc8 16. c3 Nc6 17. Qb3 Rb8 18. Nd4 Nxd4 19. cxd4 Be6 20. Qc2 Rc8 21. Ne3 c6
22. b3 Qb6 23. Qd2 c5 24. dxc5 dxc5 25. Nd5 Bxd5 26. exd5 Qd6 27. f4 b5 28. f5
c4 29. bxc4 bxc4 30. fxg6 fxg6 31. Bh3 c3 32. Qd3 Rxf1+ 33. Rxf1 Rd8 34. Qe4
Kh7 35. Be6 Rb8 36. Rf7 Qb6+ 37. Kg2 Rb7 38. h4 h5 39. Rf5 Qb1 40. Rxh5+ Bh6
41. Bg8+ Kxg8 42. Qe8+ Bf8 43. Qe6+ Rf7 44. Rg5 Qf1+ 45. Kh2 Kh8 0-1